Регионална библиотека "Любен Каравелов" - Русе

Обща и оперативна хирургия (Запис номер 1697)

MARC детайли
000 -Лидер
Контролно поле с фиксирана дължина 01655nam a2200325 c 4500
003 - Код на организацията, давaща контролен номер
Контролно поле BLK
005 - Дата и час на последна редакция
Контролно поле 20250113164440.0
008 - Елементи от данни с фиксирана дължина
fixed length control field 180412b bul|||||r ||||||| ||bul||
010 ## - Наследен системен номер
LC control number KNG00002576000
020 ## - Международен стандартен номер на книга ISBN
Международен стандартен номер на книга ISBN 954-420-126-2
040 ## - Източник на каталожния запис
Идентификатор на билиотеката - собственик на записа BLK
041 ## - Код за език
Код за езика на текст/звукозапис или на отделно заглавие Български
Код за езика КДБФ Български
080 ## - УДК
Текстов определител УДК Обща хирургия. Общи въпроси на хирургичното лечение - Показания за операция, условия за провеждане, подготовка, протичане, асептика, антисептика, дези
УДК код - определител по УДК 617-089.1
УДК определител (075.8)
УДК - код + определител 617-089.1(075.8)
139 ## - Редно поле
Редна дума Обща и оперативна хирургия
Авторски знак Общ - О 25
245 10 - Сведения за заглавието
Заглавие Обща и оперативна хирургия
Подзаглавни данни Учебник за студенти по медицина
257 ## - Страна на издаване
Страна на създаване/издаване България
260 ## - Област на издателските данни
Име на издателя, разпространителя и проч. Медицина и физкултура
Година на издаване 1994
300 ## - Физическа характеристика
Страници 374 с.
Илюстрации и др. с ил., сх., 8 л. ил.
Размери/Мащаб 24 см
380 ## - Жанр
Жанр Медицина
500 ## - Общи забележки
Забележка Деп. списък: 23 Други авт.: Р. Н. Гайдарски, С.И. Стоимиров, Й. Г. Йорданов, В. Д. Маринова, В. С. Маринов, В. П. Младенов, отбелязани на с. 3 ; 3 042 тир Място на печат: Пловдив Име на печатница: Полиграфия
650 #4 - Допълнително описание по предмет – тема
Основно описание – тема или топоним Хирургия - учебници за ВУЗ
9 (RLIN) 244671
653 ## - Ключова дума – ненормативна
Ключова дума хирургия
852 ## - Местоположение
Форматна сигнатура Цб 179276
856 4# - Електронен адрес и достъп
Електронен формат pdf - файл
Път до файла /url/
856 4# - Електронен адрес и достъп
Електронен формат pdf - файл
Път до файла /url/
999 ## - СИСТЕМНИ КОНТРОЛНИ НОМЕРА
Koha biblionumber 1697
Koha biblioitemnumber 1697
942 ## - АРТИКУЛИ
Вид на библиотечния материал Книги
Скрит в OPAC Не
Koha issues (borrowed), all copies 7
Периодичен библиозапис Да
944 ## - СЪЗДАВАНЕ И РЕДАКЦИЯ на ЗАПИСА
Създаване/Редакция Създаване
Дата на регистрацията/редакция 15.01.2003
Служител, извършил регистрацията/редакцията 30530
Статус, дата на статуса Минев Младен
944 ## - СЪЗДАВАНЕ И РЕДАКЦИЯ на ЗАПИСА
Създаване/Редакция Редакция
Дата на регистрацията/редакция 05.08.2005
999 ## - СИСТЕМНИ КОНТРОЛНИ НОМЕРА
Koha biblioitemnumber 1697
Наличности
Код за отписване Код за изгубен артикул Източник на класификационната схема Код за повреда Коз за рестрикции Код за отдаване Артикулен № Име на библиотеката - собственик Име на библиотеката, в която се намира в момента Статус (Текущо местоположение) Дата на вписване в системата Местоположение - отдел Цена в лева Инвентарен номер Систематично азбучна сигнатура Баркод Номер на екземпляра Цена в евро Служебен тип на артикула Служебна бележка
  Не е изгубен Universal Decimal Classification Не е повреден без рестрикции ползва се в читалня 3270 Регионална библиотека "Любен Каравелов" Русе Регионална библиотека "Любен Каравелов" Русе Хранилище 2001-01-01 Хранилище 2.10 603619 Цб 179276 120000603619 1 1.07 Книги  
Изтеглен Не е изгубен Universal Decimal Classification Не е повреден без рестрикции заемане за дома 3271 Регионална библиотека "Любен Каравелов" Русе Регионална библиотека "Любен Каравелов" Русе Заемна - подръчен фонд 2001-01-01 Заемна - подръчен фонд 2.09 607618 П 617-089/О-25 607618 2 1.07 Книги  
  Не е изгубен Universal Decimal Classification Не е повреден без рестрикции заемане за дома 3272 Регионална библиотека "Любен Каравелов" Русе Регионална библиотека "Любен Каравелов" Русе Заемна - подръчен фонд 2001-01-01 Заемна - подръчен фонд 25.00 660283 П 617-089/О-25 120000660283 3 12.78 Книги Дата инв: 06.02.2018 Бележки инв: П2018
Изтеглен Не е изгубен Universal Decimal Classification Не е повреден без рестрикции ползва се в читалня 3273 Регионална библиотека "Любен Каравелов" Русе Регионална библиотека "Любен Каравелов" Русе Читалня 2001-01-01 Читалня 2.10 607619 Ч1 617-089/О-25 607619 4 1.07 Книги Дата инв: 20.03.2017 Бележки инв: Ч2017
Vip Innovations Ltd, Rousse, Bulgaria 2025